Tratado de la prueba en materia criminal

Sparad:
Bibliografiska uppgifter
Huvudupphovsman: Mittermaier, Karl Joseph Anton (autor)
Materialtyp: Bok
Språk:spanska
Publicerad: Buenos Aires Hammurabi 2006
Upplaga:1a. ed
Serie:Criminalistas Perennes, 2
Ämnen:
Taggar: Lägg till en tagg
Inga taggar, Lägg till första taggen!

MARC

LEADER 00000nam a2200000 a 4500
001 UCG4643
003 CL-VaPUC
008 101118e20060000AG |||||||||||||||||spa|d
020 |a 9507412441 
082 0 4 |a 345.06  |b MIT  |2 21 
100 |a Mittermaier, Karl Joseph Anton  |e autor  |9 603654 
245 1 0 |a Tratado de la prueba en materia criminal 
250 |a 1a. ed 
300 |a 561 p 
942 |c BK 
945 |d 20101118 00:00:00  |a mfarfan 
260 |a Buenos Aires  |b Hammurabi  |c 2006 
650 0 |a Pruebas  |9 256249 
650 7 |a DERECHO PENAL  |2 CL-VaPUC  |9 11 
650 0 |a Procedimiento penal  |9 254974 
650 0 |a Criminalística  |9 337938 
583 |a last modification  |c 20101118 00:00:00  |k Rodrigo Vera 
490 0 |a Criminalistas Perennes, 2 
999 |c 343314  |d 343312 
952 |0 0  |1 0  |4 0  |6 345_060000000000000_MIT_2006  |7 0  |8 A  |9 440539  |a BIBDER  |b BIBDER  |d 2019-11-22  |i 4735587  |o 345.06 MIT 2006  |p 4735587  |r 2019-11-22  |w 2019-11-22  |y BK  |k DER